| 000 | 00445nam a2200157 4500 | ||
|---|---|---|---|
| 005 | 20260424214701.0 | ||
| 008 | - | ||
| 040 |
_aBiblioteca LadoV Teorética _cBiblioteca LadoV Teorética |
||
| 082 | 0 | 4 |
_a306.3 _bV393b |
| 100 | 1 | _aVázquez, Rogelio | |
| 245 | 1 | 0 |
_aBuy / _cpor Rogelio Vázquez |
| 260 | 1 |
_aMéxico : _bSEDICIONES, _c2023 |
|
| 300 |
_a14 páginas : _bblanco y negro ; _c26.6 x 20 cm. |
||
| 650 | 7 |
_2UNESCO _aCONSUMO |
|
| 942 |
_2ddc _c1 _n0 |
||
| 999 |
_c4651 _d4651 |
||